Lý thuyết mạch T.2

Đồ thị Bode. Bốn cực tuyến tính tương hỗ và không tương hỗ. Ứng dụng của tấm cực. Tổng hợp mạch tuyến tính, thụ động. Phương pháp tổng quát tổng hợp mạch tích cực RC

Enregistré dans:
Détails bibliographiques
Auteur principal: Phương Xuân Nhàn (Tác giả)
Autres auteurs: Hồ Anh Tuý
Format: Livre
Langue:Vietnamese
Publié: H. Khoa học và Kỹ thuật 1999
Édition:Tái bản, có chỉnh sửa, bổ sung
Sujets:
Tags: Ajouter un tag
Pas de tags, Soyez le premier à ajouter un tag!
Thư viện lưu trữ: Mạng thư viện Đại học Đà Nẵng
LEADER 01518aam a22003738a 4500
001 000013312
003 9652
005 20120313100319.0
008 120313s1999 viesd
020 |c 29000đ  |d 1000b 
041 |a vie 
082 1 4 |2 14  |a 621.3815  |b PH-N 
084 |a F211z73  |b L600T 
100 1 |a Phương Xuân Nhàn  |e Tác giả 
245 |a Lý thuyết mạch  |c Phương Xuân Nhàn, Hồ Anh Tuý  |n T.2 
250 |a Tái bản, có chỉnh sửa, bổ sung 
260 |a H.  |b Khoa học và Kỹ thuật  |c 1999 
300 |a 311tr.  |b hình vẽ  |c 27cm 
520 |a Đồ thị Bode. Bốn cực tuyến tính tương hỗ và không tương hỗ. Ứng dụng của tấm cực. Tổng hợp mạch tuyến tính, thụ động. Phương pháp tổng quát tổng hợp mạch tích cực RC 
650 7 |2 Bộ TK TVQG  |a Lí thuyết mạch 
650 7 |2 Bộ TK TVQG  |a Mạch điện 
655 7 |2 Bộ TK TVQG  |a Giáo trình 
700 1 |a Hồ Anh Tuý 
773 |d Khoa học và Kỹ thuật  |d H.  |d 199  |t Lý thuyết mạch  |w 9653 
OWN |a LSP 
AVA |a UDN50  |b LSP  |d 621.3815 PH-N  |e available  |t Error 5001 Not defined in file expand_doc_bib_avail.  |f 1  |g 0  |h N  |i 0  |k 1 
999 |a From the UDN01 
AVA |a UDN50  |b LSP  |d 621.3815 PH-N  |e available  |t Error 5001 Not defined in file expand_doc_bib_avail.  |f 1  |g 0  |h N  |i 0  |k 1 
TYP |a Monograph 
TYP |a Printed language 
980 |a Mạng thư viện Đại học Đà Nẵng